Second Letter Country Blitz Quiz Stats

 Plays Quiz Updated Jul 9, 2012

Challenge
Share
Tweet
Embed
Score 0/30 Timer 02:00
7 Plays Today
Letters Country % Correct
B_L_Z_Belize
94.5%
M_X_C_Mexico
91.6%
C_M_R_O_Cameroon
87.2%
L_X_M_O_R_Luxembourg
83.1%
Q_T_RQatar
82.9%
U_U_U_YUruguay
82.4%
B_T_W_N_Botswana
79.7%
J_P_NJapan
78.3%
E_U_D_REcuador
77.3%
M_R_C_OMorocco
77.2%
L_B_R_ALiberia
76.7%
T_J_K_S_A_Tajikistan
73.9%
C_B_Cuba
70.4%
B_N_NBenin
67.2%
K_N_AKenya
66.4%
Letters Country % Correct
N_T_E_L_N_SNetherlands
64.8%
A_M_N_AArmenia
58.9%
C_A_Chad
57.7%
T_V_L_Tuvalu
54.7%
T_R_M_N_S_A_Turkmenistan
53.1%
U_A_D_Uganda
52.6%
K_R_Y_S_A_Kyrgyzstan
48.3%
E_T_N_AEstonia
48.1%
C_P_U_Cyprus
46%
G_A_E_A_AGuatemala
40.1%
A_E_B_I_A_Azerbaijan
38.9%
P_R_U_A_Portugal
37.4%
M_N_O_I_Mongolia
33.3%
N_R_A_Norway
27.8%
T_I_A_Taiwan
21.8%

You're not logged in!

Compare scores with friends on all Sporcle quizzes.
OR
Log In

You Might Also Like...

Show Comments

Extras

Top Quizzes Today


Score Distribution

Your Account Isn't Verified!

In order to create a playlist on Sporcle, you need to verify the email address you used during registration. Go to your Sporcle Settings to finish the process.

Report this User

Report this user for behavior that violates our Community Guidelines.

Details: